000 00857nam a22002297a 4500
003 OSt
005 20260220155332.0
008 230615b ||||| |||| 00| 0 eng d
040 _cSSBUL
041 _ashan
082 _223
_a294.3368
100 0 _aပၺႃႇၼၼ်ႇတ(လွႆလႅမ်)၊
_cၸဝ်ႈသြႃႇ။
_925923
245 1 0 _aပပ်ႉထမ်ႇမၸၵျႃႇ လင်ႇၵႃႇၽၢႆႇတႆး /
_cၸဝ်ႈသြႃႇ ပၺႃႇၼၼ်ႇတ(လွႆလႅမ်)။
260 _aတႃႈၵုင်ႈ၊
_bဢေး၊
_c2013 ။
300 _aIII, 124 ၼႃႈ၊
_c21 ၸိၼ်ႇတီႇ။
500 _a S-SAT: Dr. Prof Sai Aung Tun
650 _aဝွၵ်း - ပုတ်ႉထၽႃႇသႃႇ
_924567
942 _cBK
942 _2ddc
942 _2ddc
942 _2ddc
999 _c25747
_d25747